<?xml version="1.0" encoding="UTF-8"?>
<marc:record xmlns:marc="http://www.loc.gov/MARC21/slim">
   <marc:leader>00000nam a2200000 a 4500</marc:leader>
   <marc:datafield ind1="1" ind2=" " tag="100">
      <marc:subfield code="a">Potter, Beatrix</marc:subfield>
      <marc:subfield code="4">aut</marc:subfield>
      <marc:subfield code="e">Verfasser/-in</marc:subfield>
   </marc:datafield>
   <marc:datafield ind1=" " ind2=" " tag="653">
      <marc:subfield code="a">Kinderbuch</marc:subfield>
   </marc:datafield>
   <marc:datafield ind1=" " ind2=" " tag="653">
      <marc:subfield code="a">Anthologie</marc:subfield>
   </marc:datafield>
   <marc:datafield ind1=" " ind2=" " tag="653">
      <marc:subfield code="a">Garten</marc:subfield>
   </marc:datafield>
   <marc:datafield ind1=" " ind2=" " tag="653">
      <marc:subfield code="a">Hase</marc:subfield>
   </marc:datafield>
   <marc:datafield ind1="0" ind2="0" tag="245">
      <marc:subfield code="a">Sämtliche Geschichten von Peter Hase und seinen Freunden</marc:subfield>
   </marc:datafield>
   <marc:datafield ind1="0" ind2="0" tag="245">
      <marc:subfield code="b">Anthologie</marc:subfield>
   </marc:datafield>
   <marc:datafield ind1=" " ind2="1" tag="264">
      <marc:subfield code="b">Anaconda-Verl.</marc:subfield>
      <marc:subfield code="c">2015</marc:subfield>
   </marc:datafield>
   <marc:datafield ind1="1" ind2=" " tag="520">
      <marc:subfield code="a">Klappentext: Peter Hase ist der bekannteste Bewohner der wunderbaren Welt der Beatrix Potter, doch er hat viele Freunde: das Eichhörnchen Timmy Zehenspitz, Frau Tuschelmaus und das kleine Schwein Robinson, Katzen, Hunde, Enten, Igel, Hasen sowie den Frosch Herrn Jeremy Fischer. Sie erleben lustige und spannende Abenteuer direkt vor der eigenen Haustür oder auf ihrem Weg in die weite Welt hinaus. In neuer, kurzweiliger Übersetzung liegt die reich illustrierte Sammlung von Geschichten endlich vollständig vor zum Selbstlesen oder Vorlesen lassen.</marc:subfield>
   </marc:datafield>
   <marc:datafield ind1=" " ind2=" " tag="020">
      <marc:subfield code="a">9783730602843</marc:subfield>
      <marc:subfield code="9">9783730602843</marc:subfield>
   </marc:datafield>
</marc:record>
